| 000 | 00422nam a2200169Ia 4500 | ||
|---|---|---|---|
| 003 | LK-CoDNM | ||
| 005 | 20230923100024.0 | ||
| 008 | 010623t1924 xxu||||| |||| 00| 1 eng d | ||
| 040 |
_aLK-CoDNM _dLK-CoDNM _eLK-CoDNM |
||
| 041 | _aeng | ||
| 080 | _a12 R1 | ||
| 100 | _aCharles,Lucas. | ||
| 245 | _aThe Story of the Empire | ||
| 260 |
_bW.Collins Sons Co _aLondon _c1924 |
||
| 300 | _bxvi,286p,maps., 23 cm | ||
| 942 | _cBK | ||
| 999 |
_c92261 _d92261 |
||